| 000 | 00733cam a2200205 4500 | ||
|---|---|---|---|
| 008 | 090308n2006 mx 000 0 spa u | ||
| 020 | _a9703234046 | ||
| 035 | _aa479896 | ||
| 050 | 0 | 4 |
_aPN4872 _bC36 2006 |
| 100 | 1 | _aCamarillo Carbajal, María Teresa | |
| 245 | 1 | 0 |
_aEfemérides del periodismo mexicano / _cMaría Teresa Camarillo Carbajal. |
| 250 | _a1a ed. | ||
| 260 |
_aMéxico : _bUNAM, Instituto de Investigaciones Bibliográficas : _bUNAM, Biblioteca Nacional, _c2006 |
||
| 300 |
_a898 p. ; _c23 cm. |
||
| 504 | _aIncluye índice onomástico | ||
| 506 | _aDonación Silvia Figueroa Zamudio | ||
| 650 | 7 |
_aPeriodistas mexicanos _vBiografía _2lemb |
|
| 650 | 7 |
_aPeriodismo _zMéxico _xHistoria _2lemb |
|
| 942 |
_2lcc _cLIB |
||
| 999 |
_c70359 _d70359 |
||